000 00459nam a2200169Ia 4500
999 _c37346
_d37346
003 OSt
005 20200929142152.0
008 190216s9999||||xx |||||||||||||| ||und||
040 _coclc
082 _a590
_bNAT/T
100 _aNath, Vishwa
_94956
245 0 _aA Text Book Of Zoology /
_cVishwa Nath
260 _bS Chand & Co,
_c1967.
_aNew Delhi:
300 _a648p
650 _aZoology
942 _cBK
_2ddc
_h590
_iNAT/T
_k590
_mNAT/T